01377nam a2200421 i 45000010005000000030009000050050017000140080039000310150017000700400028000870460009001150800010001240800010001340800012001441000030001562450103001862460031002892600049003203000042003693360027004113370054004383380028004923800016005203800027005363850039005633880014006023880014006164900040006305040014006706500009006846500022006936550030007156580011007456580028007567000035007848300039008198560097008587437KOSZ 00520210202081801.0071029s1971 pl a f |000 0 pol aPB 1971/7634 aWA NcWA NdKOSZ 005/HR k1971 a628.1 a543.3 a(075.8)1 aGomółka, EdwardeAutor10aĆwiczenia laboratoryjne i rachunkowe z chemii wody /cEdward Gomółka, Włodzimierz Szypowski.18aĆwiczenia z chemii wody. aWrocław :bPolitechnika Wrocławska,c1971. a231 s., [1] k. tabl. :bil. ;c23 cm. 2rdacontentaTekstbtxt 2rdamediaaBez urządzenia pośredniczącegobn 2rdacarrieraWoluminbnc aKsiążki aPublikacje dydaktyczne mPoziom nauczaniaaSzkoły wyższe a1901-2000 a1945-19891 aSkrypty / Politechnika Wrocławska. aBibliogr. 4aWoda 4aAnaliza chemiczna 4aPodręczniki akademickie aChemia aInżynieria i technika1 aSzypowski, WłodzimierzeAutor 0aSkrypty - Politechnika Wrocławska uhttp://koha.tu.koszalin.pl/cgi-bin/koha/opac-detail.pl?biblionumber=7437yKatalog online BPK